Huszárok a Szabadságharcban
Elmentve itt :
| Szerző: | |
|---|---|
| Dokumentumtípus: | Cikk |
| Megjelent: |
1948
|
| Sorozat: | Honvéd : katonai folyóirat
3 No. 2-3 |
| Kulcsszavak: | Hadtudomány |
| Online Access: | http://misc.bibl.u-szeged.hu/14288 |
| LEADER | 00567nab a2200169 i 4500 | ||
|---|---|---|---|
| 001 | misc14288 | ||
| 005 | 20191106141807.0 | ||
| 008 | 170607s1948 hu o 0|| hun d | ||
| 040 | |a SZTE Miscellanea Repozitórium |b hun | ||
| 041 | |a hun | ||
| 100 | 1 | |a Zaliumenszky Lajos | |
| 245 | 1 | 0 | |a Huszárok a Szabadságharcban |h [elektronikus dokumentum] / |c Zaliumenszky Lajos |
| 260 | |c 1948 | ||
| 300 | |a 38-41 | ||
| 490 | 0 | |a Honvéd : katonai folyóirat |v 3 No. 2-3 | |
| 695 | |a Hadtudomány | ||
| 856 | 4 | 0 | |u http://misc.bibl.u-szeged.hu/14288/1/honved_003_002_003_038-041.pdf |z Dokumentum-elérés |